000 00701nam a2200241 a 4500
001 52443
003 BD-RjUL
005 20211209075815.0
008 160920s1947 ii c 000 0 eng
035 _a(BD-RjUL)52563
040 _aDLC
_cTNJ
_dDLC
_beng
041 _aeng
082 _223
_a370.954
_bHAB 1947
099 _a
100 1 _aHampton, H.V
_d1890-
_9156883
245 1 0 _aBiographical studies in modern Indian education.
_cH.V. Hampton
260 _aIndian :
_bOxford Univ. Press,
_c1947
300 _aviii, 256 p. :
_bill. ;
_c23 cm.
490 0 _aBiography index reprint series
500 _aIncludes Index
651 _aIndian.
_xEducation
_9156884
942 _2ddc
_cBK
999 _c52443
_d52443